000 00324nam a2200133Ia 4500
005 20260328104313.0
008 260328s9999||||xx |||||||||||||| ||und||
100 _aBroto, Carles
245 0 _aInnovación de Vivienda Colectiva /
_cCarles Broto
260 _bLinks
300 _a288 p.
650 _aVIVIENDA
942 _cBK
999 _c11037
_d11037